00475nam a2200121Ia 4500008004100000082001400041100001000055245007700065260005100142365000600193630007700199730007700276100415s9999 xx 000 0 und d b4187a500 aP.N.I aProceedings Of The National Institute Of Sciences Of India Vol.22 Part A aCalcattac1956bNational Institute Of Sciences b0 aProceedings Of The National Institute Of Sciences Of India Vol.22 Part A aProceedings Of The National Institute Of Sciences Of India Vol.22 Part A